Ο Μαλόν πεθαίνει
Αποθηκεύτηκε σε:
| Κύριος συγγραφέας: | |
|---|---|
| Άλλοι συγγραφείς: | |
| Μορφή: | Βιβλίο |
| Γλώσσα: | Greek French |
| Δημοσίευση: |
Αθήνα :
Ύψιλον,
c1993.
|
| Έκδοση: | 2η εκδ. |
| Σειρά: | Ξένη λογοτεχνία (Ύψιλον / Βιβλία)
|
| Θέματα: | |
| Ετικέτες: |
Προσθήκη ετικέτας
Δεν υπάρχουν, Καταχωρήστε ετικέτα πρώτοι!
|
MARC
| LEADER | 00000cam a2200000 i 4500 | ||
|---|---|---|---|
| 001 | 1/62129 | ||
| 008 | 960222s1993 gr | ||| |||| ||gre|| | ||
| 035 | |1 ΕΛΗ |a 1996 |b 2507 |c ΒΙΒΛΙΟΘΗΚΗ |l 10046557 | ||
| 040 | |a GR-MyUA |b gre |e AACR2 | ||
| 041 | 1 | |a gre |h fre | |
| 082 | 7 | |a 828.9913 |2 (22) | |
| 100 | 1 | |a Beckett, Samuel, |d 1906-1989. | |
| 245 | 1 | 2 | |a Ο Μαλόν πεθαίνει / |c Σάμουελ Μπέκετ ; μετάφραση απο τα γαλλικά Αλεξάνδρας Παπαθανασοπούλου. |
| 250 | |a 2η εκδ. | ||
| 260 | |a Αθήνα : |b Ύψιλον, |c c1993. | ||
| 300 | |a 149 σ. ; |c 21 εκ. | ||
| 490 | 1 | |a (Ξένη λογοτεχνία / Ύψιλον / Βιβλία) | |
| 500 | |a Τίτλος πρωτοτύπου: Molone meurt. | ||
| 650 | 0 | 0 | |a Irish fiction. |
| 700 | 1 | |a Παπαθανασοπούλου, Αλεξάνδρα, |e trlf | |
| 830 | 0 | |a Ξένη λογοτεχνία (Ύψιλον / Βιβλία) | |
| 852 | |a INST |b SAMOS |e 19960222 |h 828.9913 BEC |p 005300009360 |q 005300009360 |t BK |y 0 | ||
| 909 | |a Σ |b 041825 | ||